000
00319nam a2200121Ia 4500
008
220217s9999||||xx |||||||||||||| ||und||
082
_a
621.381 5 YOG
100
_a
Yoganarasimhan, B.N
245
0
_a
Electronic circuits - I
260
_a
Shiva book centre
_b
Bangalore
_c
1999
300
_b
165
650
_a
CIRCUITRY
999
_c
165900
_d
165900